| 000 | 00000nam##2200000za#4500 |
| 001 | 9.567758 |
| 003 | CaOODSP |
| 005 | 20210624180931 |
| 007 | cr ||||||||||| |
| 008 | 150406|1999||||xxc|||||o f|0| 0 eng|d |
| 040 | |aCaOODSP|beng |
| 043 | |an-cn--- |
| 086 | 1 |aBT31-2/2000-III-4E-PDF |
| 110 | 1 |aCanada. |bTreasury Board. |
| 245 | 10|aCanadian Radio-television and Telecommunications Commission, 1999–2000 estimates, a report on plans and priorities, approved |h[electronic resource] |
| 260 | |bTreasury Board of Canada Secretariat |c[1999]. |
| 300 | |a41p.|borganization chart, tables |
| 490 | 1 |a1999-2000 estimates. Part III, Report on plans and priorities |v1999-2000 |
| 590 | |a10-08-Supp|b2010-10-06 |
| 775 | 08|tConseil de la radiodiffusion et des télécommunications canadiennes, budget des dépenses 1999–2000, un rapport sur les plans et les priorités, approuvé |w(CaOODSP)9.599082 |
| 776 | 0#|tCanadian Radio-television and Telecommunications Commission |w(CaOODSP)9.531584 |
| 776 | 0#|tConseil de la radiodiffusion et des télécommunications canadiennes |w(CaOODSP)9.531585 |
| 830 | #0|a1999-2000 estimates. Part III, Report on plans and priorities ;|v1999-2000|w(CaOODSP)9.505715 |
| 856 | 40|ahttp://publications.gc.ca|qPDF|s114 KB|uhttps://publications.gc.ca/collections/Collection/BT31-2-2000-III-4E.pdf|y1999-2000 |